000 01153nam a22002537a 4500
005 20080820102532.0
008 080820t xxu||||| |||| 00| 0 hin d
010 _aHIN-84000
020 _c150.00
_a9788188459223
035 _aHN-56346
037 _aDBAD / PUB
040 _aDPL
_bHN
082 _a796
100 _aसिन्हा, अशोक कुमार
245 _aखेल- संसार /
_cअशोक कुमार सिन्हा
246 _aKhela-sansaara
_bby Ashok kumar Sinha
260 _aदिल्ली
_bशुभदा प्रकाशन
_c2007
270 _a1/11052-ए, सुभाष पार्क, शाहदरा
_bदिल्ली
_e110032
300 _a119पृ
_c22सेमी (सजिल्द)
_bसचित्र
650 _aखेल
_xइतिहास
_y21वीं सदी
_zभारत
650 _aSports
_xHistory
_y21st century
_zIndia
942 _2ddc
_cHN
_k796
_mअशोक
999 _c14941
_d14941